000 00400nam a2200145Ia 4500
008 220217s9999||||xx |||||||||||||| ||und||
020 _a81-315-0043-8
082 _a621.395 ROT
100 _aRoth, Charles, H
245 0 _aFundamentals Of Logic design
250 _a5th
260 _aBrooks cole publishing house
_bNew Delhi
_c2007
300 _b429
650 _aDIGITAL DESIGN/LOGIC DESIGN
999 _c176503
_d176503